Countries by Neighbouring Capital Cities - Statistics

General Stats
  • This quiz has been taken 101 times
  • The average score is 12 of 15
Answer Stats
Neighbouring capitals Country (or capital) % Correct
Washington D.C. Canada (Ottawa)
100%
Moscow, Oslo, Stockholm Finland (Helsinki)
91%
Berlin, Paris, Rome, Vaduz, Vienna Switzerland (Bern)
89%
Jerusalem, Khartoum, Tripoli Egypt (Cairo)
88%
Bogotá, San José Panama (Panama City)
86%
Buenos Aires, La Paz, Lima, Sucre Chile (Santiago)
85%
Dili, Kuala Lumpur, Port Moresby Indonesia (Jakarta)
79%
Baghdad, Riyadh Kuwait (Kuwait City)
79%
Ashgabat, Beijing, Bishkek, Moscow, Tashkent Kazakhstan (Nur-Sultan)
76%
Bangkok, Beijing, Hanoi, Naypiydaw, Phnom Penh Laos (Vientiane)
76%
Ankara, Skopje, Sofia, Tirana Greece (Athens)
74%
Bloemfontein, Cape Town, Pretoria Lesotho (Maseru)
73%
Port-au-Prince Dominican Republic (Santo Domingo)
72%
Addis Abeba, Asmara, Mogadishu Djibouti (Djibouti)
66%
Dakar Gambia (Banjul)
62%
No matching quizzes found
Score Distribution
Percent of People with Each Score
Percentile by Number Answered
Your Score History
You have not taken this quiz